Представление документа в формате MARC21

Поле Инд. ПП Название Значение
Тип записи a
Библиографический уровень m
001 Контрольный номер 0e8bb5ec-2aa7-4f58-9818-07388a7daae2
005 Дата корректировки 20250128150343.6
020 c Цена, тираж 1 р. 10 к.
040 a Служба первич. каталог. RuMoRKP
a Служба первич. каталог. НБ ТвГУ
041 00 a Код языка текста rus
080 00 a Индекс УДК 882(092)Абрамов(082)
084 a Индекс другой классификации/Индекс ББК 83.3Р7
090 a Полочн. индекс 8Р2
x Авторский знак З-53
245 10 a Заглавие Земля Федора Абрамова
b Продолж. заглавия сборник
c Ответственность cоставитель и автор вступительной статьи Л. Крутикова
260 a Место издания Москва
b Издательство Современник
c Дата издания 1986
300 a Объем 398,[1] с.
c Размеры 21 см
653 0_ a Ключевые слова Русская литература
a Ключевые слова 20 в.
a Ключевые слова Абрамов Федор Александрович
a Ключевые слова Русская советская литература
700 1_ a Другие авторы Крутикова Людмила Владимировна
e Роль лиц сост.
901 t Тип документа m
920 a Оператор Лиси
a Оператор Суха
a Оператор Семен
930 a Новая/Ретро ретро
952 c Вид литературы К рн
954 a Дата поступления на обработку 20111117
954 a Дата поступления на обработку 20200513